Eskimo boy ( Beans ) / (Record no. 9459)

MARC details
000 -LEADER
fixed length control field 01034nam a22002897a 4500
001 - CONTROL NUMBER
control field 9459
003 - CONTROL NUMBER IDENTIFIER
control field FISKH
005 - DATE AND TIME OF LATEST TRANSACTION
control field 20260113113802.0
008 - FIXED-LENGTH DATA ELEMENTS--GENERAL INFORMATION
fixed length control field 260113b cb ||||| |||| 00| 0 eng d
020 ## - INTERNATIONAL STANDARD BOOK NUMBER
International Standard Book Number 0713619740
040 ## - CATALOGING SOURCE
Original cataloging agency FISKH
Language of cataloging eng
Transcribing agency FISKH
Modifying agency FISKH
050 ## - LIBRARY OF CONGRESS CALL NUMBER
Classification number E99 E .A
082 ## - DEWEY DECIMAL CLASSIFICATION NUMBER
Classification number 998.200497
100 ## - MAIN ENTRY--PERSONAL NAME
Personal name Alexander , Bryan
245 ## - TITLE STATEMENT
Title Eskimo boy ( Beans ) /
Statement of responsibility, etc. By Bryan & Cherry Alexander
260 ## - PUBLICATION, DISTRIBUTION, ETC.
Place of publication, distribution, etc. London :
Name of publisher, distributor, etc. Adam & Charles Black ,
Date of publication, distribution, etc. 1979 .
300 ## - PHYSICAL DESCRIPTION
Extent 23 pages :
Other physical details color illustrations ;
Dimensions 21 cm .
505 ## - FORMATTED CONTENTS NOTE
Formatted contents note Q <br/>
520 ## - SUMMARY, ETC.
Summary, etc. A set of study prints looking at the life of Otto Simigak and his family in north-west Greenland, accompanied by a teacher's guide with suggested activities
521 8# - TARGET AUDIENCE NOTE
Target audience note 660 <br/>
Source Lexile estimate <br/>
521 8# - TARGET AUDIENCE NOTE
Target audience note Q <br/>
Source Raz-Plus <br/>
650 ## - SUBJECT ADDED ENTRY--TOPICAL TERM
Topical term or geographic name entry element Eskimos-Greenland
Form subdivision Children Juvenile Literature
650 ## - SUBJECT ADDED ENTRY--TOPICAL TERM
Topical term or geographic name entry element Eskimos-Greenland- Social life and customs
Form subdivision Juvenile Literature
700 ## - ADDED ENTRY--PERSONAL NAME
Personal name Alexander , Cherry
Relator term Illustrator
942 ## - ADDED ENTRY ELEMENTS (KOHA)
Source of classification or shelving scheme Dewey Decimal Classification
Koha item type Books
Suppress in OPAC No
Holdings
Withdrawn status Lost status Source of classification or shelving scheme Damaged status Not for loan Collection Home library Current library Shelving location Date acquired Total Checkouts Full call number Barcode Date last seen Price effective from Koha item type
    Dewey Decimal Classification     Non-Fiction Footprints International School Library Network Toul Tom Poung Campus Footprints International School Library Network Toul Tom Poung Campus TTP Primary Orange Bookshelves 01/13/2026   ALE 998.200497 E99 E .A 2026-0026 01/13/2026 01/13/2026 Books